| 000 | 01145nac a22003251i 4500 | ||
|---|---|---|---|
| 003 | EG-ScBUE | ||
| 005 | 20250616132855.0 | ||
| 008 | 250616t1984 nyua f 001 0 eng d | ||
| 020 | _a0486647412 (pbk.) | ||
| 040 |
_aEG-ScBUE _beng _erda _cEG-ScBUE _dEG-ScBUE |
||
| 082 | 0 | 4 |
_a536.7 _bGRO _222 |
| 100 | 1 |
_aGroot, S. R. de, _eauthor. |
|
| 245 | 1 | 0 |
_aNon-equilibrium thermodynamics / _cS.R. de Groot, P. Mazur. |
| 250 | _aDover edition. | ||
| 264 | 1 |
_aNew York : _bDover Publications, _c[1984] |
|
| 264 | 4 | _cc1984 | |
| 300 |
_ax, 510 pages : _billustrations ; _c22 cm |
||
| 336 |
_2rdacontent _atext _btxt |
||
| 337 |
_aunmediated _2rdamedia _bn |
||
| 338 |
_avolume _bnc _2rdacarrier |
||
| 500 | _aOriginally published: Amsterdam : North-Holland Pub. Co., 1962. | ||
| 500 | _aIncludes indexes. | ||
| 650 | 7 |
_aIrreversible processes. _2BUEsh |
|
| 650 | 7 |
_aStatistical thermodynamics. _2BUEsh |
|
| 655 | _vReading book | ||
| 700 | 1 |
_aMazur, P. _q(Peter) _eauthor. |
|
| 856 | 4 | 2 |
_3Publisher description _uhttp://www.loc.gov/catdir/description/dover032/84007956.html |
| 942 |
_cBB _2ddc |
||
| 999 |
_c1727 _d1727 |
||